000 01056cam a22002771a 4500
001 he 67002215
003 DLC
005 20260227111451.0
008 910923r19671857is 000 0 hebr
010 _ahe 67002215
035 _a(OCoLC)24434480
040 _aDLC
_cCLU
_dDLC
042 _apremarc
050 0 0 _aBM522.8
_b.A697 1967
100 1 _aRapaport, Ḥayyim ben Dov,
_cha-Kohen,
_d-1839.
245 1 0 _aSefer Shee̕lot u-teshuvot mayim ḥayim /
_chekhinam ve-gam ḥakram Ḥayim Kohen Rapoport.
260 _a[Tel Aviv?] :
_bYad Daṿid,
_c[1967?]
300 _a2 v. in 1 ;
_c28 cm.
500 _aReprint. Originally published: Zhitomir : Ḥanina Lipa ṿe Yehoshu'a Heshil Shapira, 617, 1857.
500 _a"Ḳunṭres otsrot ḥayim ; ḥidushe torah" (p. [125]-151 at end) has special t.p.
650 0 _aResponsa
_y1800-1948.
630 0 0 _aBible.
_pPentateuch
_vCommentaries.
700 1 _aRapaport, Ḥayyim ben Dov,
_cha-Kohen,
_d-1839.
_tOtsrot Ḥayim.
740 0 _aMayim ḥayim.
740 0 _aShee̕lot u-teshuvot mayim ḥayim.
999 _c32745
_d32745